000 00741nam a2200217Ii 4500
003 JO-AjNU
008 230605s9999||||xx |||||||||||||| ||und||
017 _a2006/4/873
040 _aJO-AjNU
_bara
_erda
_cJO-AjNU
041 _aara
050 1 4 _aLB2369.K43 2006
100 3 _aالخطيب،جمال,
_eauthor
_922950
245 0 0 _aإعداد الرسالة الجامعية وكتابتها:دليل عملي لطلبة الدراسات العليا
250 _aط1
264 3 1 _aعمان:دار الفكر،2006
300 _a200ص
_bملحق:ص(113-200)
336 _atext
_btxt
_2rdacontent
337 _aunmediated
_bn
_2rdamedia
338 _avolume
_bnc
_2rdacarrier
650 4 _a الرسائل الجامعية-بحث
_922951
999 _aA8227
_c11795
_d11795